00253nam a2200109Ia 4500008004100000100001600041245002200057260003400079300000800113942000700121999001500128190216s9999||||xx |||||||||||||| ||und|| aGurdeep Raj 0aSurface Chemistry bKrishna Prakashan Mediac2002 a164 cBK c3018d3018